Fundamentals of Library Supervision / (Record no. 17343)
[ view plain ]
| 000 -LEADER | |
|---|---|
| fixed length control field | 01387cam a2200289 a 4500 |
| 001 - CONTROL NUMBER | |
| control field | 15822956 |
| 005 - DATE AND TIME OF LATEST TRANSACTION | |
| control field | 20130303125814.0 |
| 008 - FIXED-LENGTH DATA ELEMENTS--GENERAL INFORMATION | |
| fixed length control field | 090717s2010 ilua b 001 0 eng |
| 010 ## - LIBRARY OF CONGRESS CONTROL NUMBER | |
| LC control number | 2009028890 |
| 020 ## - INTERNATIONAL STANDARD BOOK NUMBER | |
| International Standard Book Number | 9780838910160 (pbk. : alk. paper) |
| 020 ## - INTERNATIONAL STANDARD BOOK NUMBER | |
| International Standard Book Number | 0838910165 |
| 082 00 - DEWEY DECIMAL CLASSIFICATION NUMBER | |
| Classification number | 023.9 |
| Edition number | 22 |
| Item number | GIE |
| 100 1# - MAIN ENTRY--PERSONAL NAME | |
| Personal name | Giesecke, Joan. |
| 9 (RLIN) | 32782 |
| 245 10 - TITLE STATEMENT | |
| Title | Fundamentals of Library Supervision / |
| Statement of responsibility, etc | Joan Giesecke and Beth McNeil. |
| 250 ## - EDITION STATEMENT | |
| Edition statement | 2nd ed. |
| 260 ## - PUBLICATION, DISTRIBUTION, ETC. (IMPRINT) | |
| Place of publication, distribution, etc | Chicago : |
| Name of publisher, distributor, etc | American Library Association, |
| Date of publication, distribution, etc | 2010. |
| 300 ## - PHYSICAL DESCRIPTION | |
| Extent | x, 189 p. : |
| Other physical details | ill. ; |
| Dimensions | 23 cm. |
| 490 1# - Series Statement | |
| Series statement | ALA fundamentals series |
| 504 ## - BIBLIOGRAPHY, ETC. NOTE | |
| Bibliography, etc | Includes bibliographical references and index. |
| 505 0# - FORMATTED CONTENTS NOTE | |
| Formatted contents note | Today's workplace -- Becoming a manager -- Communication skills -- Work climate and the art of motivation -- Team work and group dynamics -- Inclusiveness and diversity -- Policies and the legal environment -- Hiring and interviewing -- Orientation and training -- Planning and organizing work -- Managing performance -- Budgeting basics -- Facilities, space, and safety -- Managing meeting -- Managing rewards -- Project management -- Career management. |
| 650 #0 - SUBJECT ADDED ENTRY--TOPICAL TERM | |
| Topical term or geographic name as entry element | Library personnel management |
| Geographic subdivision | United States. |
| 9 (RLIN) | 32783 |
| 650 #0 - SUBJECT ADDED ENTRY--TOPICAL TERM | |
| Topical term or geographic name as entry element | Supervision of employees. |
| 9 (RLIN) | 32784 |
| 653 ## - INDEX TERM--UNCONTROLLED | |
| Resource For college | |
| Arrived date list | March2013 |
| 700 1# - ADDED ENTRY--PERSONAL NAME | |
| Personal name | McNeil, Beth. |
| 9 (RLIN) | 32785 |
| 830 #0 - SERIES ADDED ENTRY--UNIFORM TITLE | |
| Uniform title | ALA fundamentals series. |
| 9 (RLIN) | 32786 |
| 942 ## - ADDED ENTRY ELEMENTS (KOHA) | |
| Source of classification or shelving scheme | Dewey Decimal Classification |
| Item type | Book - Borrowing |
| Withdrawn status | Item status | Source of classification or shelving scheme | Damaged status | Not for loan | Vendor | Home library | Current library | Shelving location | Date acquired | Source of acquisition | Total Checkouts | Total Renewals | Full call number | Barcode | Checked out | Date last seen | Date last borrowed | Koha item type |
|---|---|---|---|---|---|---|---|---|---|---|---|---|---|---|---|---|---|---|
| Dewey Decimal Classification | Baccah | Central Library | Central Library | Lower Floor | 03/03/2013 | 3 | 15 | 023.9 GIE | 000028434 | 18/02/2026 | 19/01/2015 | 19/01/2015 | Book - Borrowing | |||||
| Dewey Decimal Classification | Baccah | Central Library | Central Library | Lower Floor | 03/03/2013 | 1 | 44 | 023.9 GIE | 000028435 | 19/05/2026 | 13/03/2013 | 13/03/2013 | Book - Borrowing |